000 00387nam a22001457a 4500
999 _c13679
_d13679
020 _a9780471234241
082 _a155.2
_bCAT
100 _aCattell, Heather E.P.
245 _aEssentials of 16PF Assessment
260 _aCanada
_bJohn Wiley &Sons
_c2003
300 _axii, 306 p.
650 _aPsychology, Personality Factor Questionnaire
700 _aSchuerger, James M.
942 _cBK